Reflections and studies in religion / (Record no. 75)

MARC details
000 -LEADER
fixed length control field 00902cam a2200277 a 4500
001 - CONTROL NUMBER
control field 8260537
003 - CONTROL NUMBER IDENTIFIER
control field GBCCL
005 - DATE AND TIME OF LATEST TRANSACTION
control field 20241126110329.0
008 - FIXED-LENGTH DATA ELEMENTS--GENERAL INFORMATION
fixed length control field 080709s2008 ii g b 000 0 eng d
020 ## - INTERNATIONAL STANDARD BOOK NUMBER
International Standard Book Number 9788184580372
035 ## - SYSTEM CONTROL NUMBER
System control number (OCoLC)ocn689117417
035 ## - SYSTEM CONTROL NUMBER
System control number 8260537
040 ## - CATALOGING SOURCE
Original cataloging agency IiNdDKA
Language of cataloging eng
Transcribing agency IiNdDKA
Modifying agency CtY-D
043 ## -
-- a-ii---
082 04 - DEWEY DECIMAL CLASSIFICATION NUMBER
Classification number 201.709 54
Edition information 22
Item number TIW
100 1# - MAIN ENTRY--PERSONAL NAME
Personal name Tiwari, Ravi,
Dates associated with a name 1948-
9 (RLIN) 1221
245 10 - TITLE STATEMENT
Title Reflections and studies in religion /
Statement of responsibility, etc. Ravi Tiwari.
260 ## - PUBLICATION, DISTRIBUTION, ETC.
Place of publication, distribution, etc. Delhi :
Name of publisher, distributor, etc. Indian Society for Promoting Christian Knowledge,
Date of publication, distribution, etc. 2008.
300 ## - PHYSICAL DESCRIPTION
Extent x, 194 p. ;
Dimensions 22 cm.
500 ## - GENERAL NOTE
General note Articles; most previously published.
504 ## - BIBLIOGRAPHY, ETC. NOTE
Bibliography, etc. note Includes bibliographical references.
650 #0 - SUBJECT ADDED ENTRY--TOPICAL TERM
Topical term or geographic name entry element Religion and sociology
Geographic subdivision India.
9 (RLIN) 1222
650 #0 - SUBJECT ADDED ENTRY--TOPICAL TERM
Topical term or geographic name entry element Christianity and other religions
General subdivision Hinduism.
9 (RLIN) 366
650 #0 - SUBJECT ADDED ENTRY--TOPICAL TERM
Topical term or geographic name entry element Hinduism
General subdivision Relations
Geographic subdivision Christianity.
9 (RLIN) 1223
942 ## - ADDED ENTRY ELEMENTS (KOHA)
Source of classification or shelving scheme Dewey Decimal Classification
Koha item type Books
Koha issues (borrowed), all copies 10
Holdings
Withdrawn status Lost status Source of classification or shelving scheme Damaged status Not for loan Home library Current Library Shelving location Date acquired Total checkouts Full call number Barcode Date last seen Date last checked out Copy number Price effective from Koha item type
    Dewey Decimal Classification     GRACE BIBLE COLLEGE GRACE BIBLE COLLEGE Philosophy and Religion 2016-05-23 10 200.70954 TIW 010236 2025-05-01 2024-11-08 c.1 2016-05-23 Books
© Grace Bible College Library 2025